000 01101nam a2200325 i 4500
001 196360
003 ES-MaACL
005 20241012063112.0
007 ta
008 240919s2004 njua b 001 0 eng d
020 _a0691113114
035 _aRebiun06709995
040 _aDLC.
_cDLC.
_dOCLCQ.
_dC#P.
_dUPO
_dES-MaACL
_bspa
080 _a591.51
100 _aWynne, Clive D. L
_9238772
245 1 0 _aDo animals think? /
_cClive D.L. Wynne
260 _aPrinceton :
_bPrinceton University Press,
_ccop. 2004
300 _a268 p. ;
_c25 cm
336 _2rdacontent
_atexto
337 _2rdamedia
_asin mediación
338 _2rdacarrier
_avolumen
504 _aBibliografía e índice
650 7 _aAnimales-
_xInteligencia
_9147546
852 _aES-MaACL
_cDEPO1
_hDonación: José Manuel Duarte Cendán
_9204063
_jA-15404
903 _9238529
_aDuarte Cendán, José Manuel
_q1
_ednr
942 _n0
_cMONOGRAFIA
999 _c196360
_d196360